| 000 | 01231njm a2200301Ia 4500 | ||
|---|---|---|---|
| 001 | 64354 | ||
| 003 | IT-RoPAU | ||
| 005 | 20220918181112.0 | ||
| 008 | 131025s9999 xx 000 0 und d | ||
| 040 | _aIT-RoPAU | ||
| 040 | _cIT-RoPAU | ||
| 999 |
_c99090 _d99090 |
||
| 999 | _bn.d. | ||
| 100 |
_aLennon John _923386 |
||
| 100 |
_eAutore musica _923387 |
||
| 100 |
_gCodice autore musica SPICS: 13133 _923388 |
||
| 245 | _aRubber Soul (The Beatles) Cdp 7 46440 2 | ||
| 250 | _a1a ed. | ||
| 260 | _aENGLAND | ||
| 260 |
_bEMI RECORDS _c1987 [1a Ed.:1965 - Ed. Lingua Orig.: 1965] |
||
| 300 | _aCOMPACT DISC | ||
| 500 | _aMusica rock. | ||
| 505 | _aDrive My Car - You Won't See Me - Norwegian Wood (This Bird Has Flown) - Nowhere Man - The Word - Michelle - What Goes On - Girl - I'm Looking Through You - In My Life - Wait - Run For Your Life - Think For Yourself - If I Needed Someone | ||
| 650 |
_aROCK [COMPACT DISC] _eCodice MATERIA SPICS: 9949 _923389 |
||
| 700 |
_aBeatles (The) _gCodice interprete SPICS: 9428 _923390 |
||
| 700 |
_aMcCartney Paul _eAutore _gCodice autoreSPICS: 8084 _923391 |
||
| 700 |
_aHarrison George _eAutore musica _gCodice autore musica SPICS: 10100 _pThink For Yourself - If I Needed Someone _923392 |
||
| 942 |
_cCD _2ddc |
||